000 00316nam a22001217a 4500
008 160518b xxu||||| |||| 00| 0 eng d
020 _a9780323077583
020 _a9780323077583
041 _aeng
080 _a618.2
245 _aLong term care nursing assistants:
_cRelda T. Kelly; Helen Chigaros;
942 _2udc
_cBK
999 _c2179
_d2179